LDR 01502namaa2200361 i 4500 001 000000178687 003 CaOOAMICUS 005 20260423103356.0 008 260423s2025 it u000 u ita r 020 $a978-88-08-89957-6* 032 $aLibriCat 040 $aPUL$bita 082 10$a347.4507 245 03$aIl procedimento semplificato di cognizione dopo il Correttivo Cartabia /$cGian Paolo Califano. 250 $aPrima edizione: aprile 2025 260 $aBologna :$bZanichelli,$c©2025. 300 $aVII, 168 pagine ;$c24 cm 336 $atesto$btxt$2rdacontent 337 $asenza mediazione$bn$2rdamedia 338 $avolume$bnc$2rdacarrier 490 1 $aStrumenti del diritto ;$v68 504 $aBibliografia in nota. 650 4$aProcedura civile$zItalia.$0(OLS)http://pul/subject/14566 700 1 $aCalifano, Gian Paolo,$eautore.$0(OLS)http://pul/name/33121 830 0$aStrumenti del diritto ;$v68.$0(OLS)http://pul/title/136502 850 $aPUL 852 $aPUL$W1$xSL Diritto e Scienze Sociali 3$y79$m348 COLL 1.68$j202460$qDDC 21$B207871$CPULBib$Z2$F207871 $H138581 $82 941 1 $a9 996 $6020$a978-88-08-89957-6*$9(OLS)http://pul/number/170946 996 $6082$a347.4507$9(OLS)http://pul/classification/1875 996 $6245$aIl procedimento semplificato di cognizione dopo il Correttivo Cartabia$9(OLS)http://pul/title/220263 996 $6260$aBologna :$bZanichelli$9(OLS)http://pul/publisher/48255